000 00537pab a2200181 454500
008 180718b2004 xxu||||| |||| 00| 0 eng d
100 _aPurohit, Surabhi
245 _aA study of gender discrimination, self concept, co-operative dispositioning and competitive disposition among adolescent girls
260 _c2004
300 _ap.1-6.
362 _aApr-Oct
650 _aWomen
650 _aGirls
650 _aAdolescence
700 _aParveen, Neelam
773 _aPrestige Journal of Management and Research
909 _a63545
999 _c63545
_d63545